00000000nam##2200000za#4500
0019.601500
003CaOODSP
00520210624210113
007cr |||||||||||
008150406|2008||||xxc|||||o    f|0| 0 fre|d
022 |a1919-5117
040 |aCaOODSP|bfre
043 |an-cn---
0861 |aFs70-6/2008-044F-PDF
1101 |aCanada. |bMinistère des pêches et des océans. |bRégion du Québec.
24510|aÉvaluation du stock de flétan du Groenland du golfe du Saint-Laurent (4RST) en 2007 |h[ressource électronique]
260 |aMont-Joli - Québec : |bPêches et Océans Canada. |cOctobre 2008.
300 |a15p.|bgraphiques, ill., cartes (certaines en couleur), références, tableau
4901 |aSecrétariat canadien de consultation scientifique, avis scientifique |x1919-5117|v2008/044, Région du Québec
590 |a11-21-Supp|b2011-09-30
77508|tAssessment of the Greenland halibut stock in the Gulf of St. Lawrence (4RST) in 2007 |w(CaOODSP)9.570856
830#0|aAvis scientifique (Secrétariat canadien de consultation scientifique)|x1919-5117|v2008/044, Région du Québec|w(CaOODSP)9.502624
85640|ahttp://publications.gc.ca|qPDF|s234 Ko|uhttps://publications.gc.ca/collections/collection_2011/mpo-dfo/Fs70-6-2008-044-fra.pdf|y2008/044, Région du Québec